000 00316nam a2200133Ia 4500
005 20251222155058.0
008 251222s9999||||xx |||||||||||||| ||spa||
082 _aLEN. 29
100 _aSILVINO José.
245 0 _aDinámica de Grupo y Relaciones Humanas
250 _a2da. ed.
264 _bVozes
942 _cLIB
999 _c37573
_d37573